Các nhân tố ảnh hưởng đến quyết định gửi tiền tiết kiệm của khách hàng cá nhân tại các ngân hàng thương mại thuộc địa bàn quận Bình Thủy, thành phố Cần Thơ : Luận văn tốt nghiệp cao học ngành ngành Tài chính - Ngân hàng

Nội dung luận văn giới thiệu tổng quan về địa bàn nghiên cứu, cơ sở lý luận và phương pháp nghiên cứu. Kết quả nghiên cứu, thảo luận, giải pháp và kiến nghị.

Gorde:
Xehetasun bibliografikoak
Formatua: Liburua
Hizkuntza:Undetermined
Argitaratua: Cần Thơ Trường Đại học Cần Thơ 2018
Gaiak:
Etiketak: Etiketa erantsi
Etiketarik gabe, Izan zaitez lehena erregistro honi etiketa jartzen!
Thư viện lưu trữ: Trung tâm Học liệu Trường Đại học Cần Thơ
LEADER 01164nam a2200193Ia 4500
001 CTU_227176
008 210402s9999 xx 000 0 und d
082 |a 332.1752 
082 |b D513 
245 0 |a Các nhân tố ảnh hưởng đến quyết định gửi tiền tiết kiệm của khách hàng cá nhân tại các ngân hàng thương mại thuộc địa bàn quận Bình Thủy, thành phố Cần Thơ : 
245 0 |b Luận văn tốt nghiệp cao học ngành ngành Tài chính - Ngân hàng 
245 0 |c Đinh Vũ Thùy Dung ; Đỗ Văn Xê (cán bộ hướng dẫn) 
260 |a Cần Thơ 
260 |b Trường Đại học Cần Thơ 
260 |c 2018 
520 |a Nội dung luận văn giới thiệu tổng quan về địa bàn nghiên cứu, cơ sở lý luận và phương pháp nghiên cứu. Kết quả nghiên cứu, thảo luận, giải pháp và kiến nghị. 
650 |a Deposit banking,Tiền gửi ngân hàng 
910 |b dqhieu 
980 |a Trung tâm Học liệu Trường Đại học Cần Thơ